| 000 | 00545nam a2200217Ia 4500 | ||
|---|---|---|---|
| 003 | 0100 | ||
| 008 | 130303s9999 xx 000 0 und d | ||
| 020 | _a082293308X | ||
| 040 | _cARRUPELIB | ||
| 050 | _aBJ1474.R47 1975 | ||
| 100 | _aRescher, Nicholas | ||
| 245 | _aUnselfishness | ||
| 245 | _bthe role of the vicarious affects in moral philosophy and social theory | ||
| 260 | _aLondon | ||
| 260 | _bUniversity of Pittsburgh Press | ||
| 260 | _C1975 | ||
| 300 | _ax | ||
| 300 | _b 128p. 23cm. | ||
| 650 | _aETHICS | ||
| 942 | 0 | 0 | _01 |
| 999 |
_c29927 _d29927 |
||